000 00479nam a2200181Ia 4500
003 GCL
008 140319s9999 xx 000 0 eng d
040 _aGCL /
_cGCL
082 0 4 _a361.2
_bI P
100 1 _aD'INTIGNANO, BEATRICE MAJNON
245 1 0 _aLA PROTECTION SOCIALE /
_cD'INTIGNANO, BEATRICE MAJNON
260 _a[S.N] :
_bLE LIVRE DE POCHE ،
_c1993
300 _a286 P
650 0 4 _aSOCIAL WORK - WOMEN
650 0 4 _aMARRIAGE
650 0 4 _aFAMILY
942 _2ddc
_cBK
999 _c25616
_d25616